Logo BPK

Biblioteka

Politechniki Koszalińskiej

Wyposażenia magazynów eksponowane na Międzynarodowych Targach w Lipsku (NRD) 9.III - 16.III 1975 / (Rekord nr 27221)

Szczegóły MARC
000 -ETYKIETA REKORDU
podpole kontrolne o stałej długości 00517nam a2200169 i 4500
001 - NUMER KONTROLNY REKORDU
pole kontrolne bg
040 ## - ŹRÓDŁO KATALOGOWANIA
Instytucja, która utworzyła rekord BPK
041 ## - KOD JĘZYKA
Kod języka tekstu pol
080 ## - UNIWERSALNA KLASYFIKACJA DZIESIĘTNA - UKD
UKD 658.6
008 - POLE O STAŁEJ DŁUGOŚCI - DANE KONTROLNE
podpole kontrolne o stałej długości s pl f |000 0 pol
100 1# - NAZWA OSOBOWA
Nazwa osobowa CHOROBOWICZ, Marian
245 #0 - TYTUŁ/ODPOWIEDZIALNOŚĆ
Tytuł Wyposażenia magazynów eksponowane na Międzynarodowych Targach w Lipsku (NRD) 9.III - 16.III 1975 /
Pozostałe elementy strefy tytułu i oznaczenia odpowiedzialności Marian Chorobowicz, Żaneta Jankiewicz, Tadeusz Potocki.
260 ## - STREFA ADRESU WYDAWNICZEGO
Miejsce wydania Poznań,
Data publikacji, dystrybucji/powstania dokumentu 1975.
700 1# - HASŁO DODATKOWE - NAZWA OSOBOWA
Nazwa osobowa JANKIEWICZ, Żaneta
700 1# - HASŁO DODATKOWE - NAZWA OSOBOWA
Nazwa osobowa POTOCKI, Tadeusz
856 ## - LOKALIZACJA I DOSTĘP DO ELEKTRONICZNYCH DOKUMENTÓW ZDALNYCH
Link (URL) http://koha.tu.koszalin.pl/cgi-bin/koha/opac-detail.pl?biblionumber=27221
Tekst linku Katalog online BPK
942 ## - DODATKOWE ELEMENTY (KOHA)
Typ dokumentu Książka
Egzemplarze
Wycofany Status egzemplarza Uszkodzony Dostępność Lokalizacja stała Lokalizacja bieżąca Miejsce przechowywania Sygnatura Kod kreskowy Typ dokumentu
      Dostępny Biblioteka Politechniki Koszalińskiej Biblioteka Politechniki Koszalińskiej Wypożyczalnia BG 19075 01702613 Książka
© 2023 Biblioteka Politechniki Koszalińskiej :: KOHA